[Event "Titled Tue 10th Jun Late"]
[Site "chess.com INT"]
[Date "2025.06.10"]
[Round "7"]
[White "Tsydypov, Zhamsaran"]
[Black "Tahbaz, Arash"]
[Result "0-1"]
[WhiteTitle "GM"]
[BlackTitle "IM"]
[WhiteElo "2514"]
[BlackElo "2462"]
[WhiteFideId "4108566"]
[BlackFideId "12528846"]
[EventDate "2025.06.10"]

1. e4 d5 2. exd5 Qxd5 3. Nc3 Qa5 4. d4 Nf6 5. Bc4 c6 6. Nf3 Bf5 7. Ne5 e6 8. g4
Bg6 9. h4 Nbd7 10. Nxd7 Nxd7 11. h5 Be4 12. O-O Bd5 13. Nxd5 cxd5 14. Bd3 Bd6
15. Qf3 g6 16. h6 O-O-O 17. Qxf7 Qb6 18. Kg2 Bc7 19. c3 Qd6 20. Rh1 Rdf8 21. Qg7
Rhg8 22. Qxh7 Nf6 23. Qg7 Nxg4 24. Rh3 Rxg7 25. hxg7 Rg8 26. Rh8 Kd7 27. Bg5 a6
28. Rah1 Rxg7 29. R1h3 Rf7 30. f3 Nf6 31. Bxg6 Rg7 32. R8h6 Bd8 33. Kf2 Qb6 34.
b4 Qc6 35. Bd2 Be7 36. Bb1 Qa4 37. Rh1 Qa3 38. Rg6 Rxg6 39. Bxg6 Qxa2 40. Ke2 b6
41. Bd3 a5 42. bxa5 bxa5 43. Bb5+ Kc7 44. Rh6 a4 45. Rh8 a3 46. Ra8 Qb2 47. Bd3
a2 0-1

[Event "Titled Tue 10th Jun Late"]
[Site "chess.com INT"]
[Date "2025.06.10"]
[Round "7"]
[White "Karthi, Jashith"]
[Black "Cagliumi, Rodrigo Cesar"]
[Result "1-0"]
[WhiteTitle "CM"]
[WhiteElo "2111"]
[BlackElo "2121"]
[WhiteFideId "30983029"]
[BlackFideId "2109573"]
[EventDate "2025.06.10"]

1. d4 d5 2. c4 c6 3. Nf3 Bf5 4. cxd5 cxd5 5. Qb3 Bc8 6. Nc3 Nf6 7. e4 dxe4 8.
Ne5 e6 9. Bb5+ Bd7 10. Nxd7 Nbxd7 11. Bg5 Be7 12. Bxf6 Bxf6 13. Nxe4 O-O 14.
Bxd7 Qxd7 15. Nxf6+ gxf6 16. O-O Rfd8 17. Rfd1 Rac8 18. Qg3+ Kh8 19. Qh4 Qe7 20.
Rd3 Rg8 21. Re1 Rg5 22. Rh3 h5 23. Qf4 Rcg8 24. Rg3 Qd8 25. h4 R5g6 26. Rxg6
Rxg6 27. Qf3 Kg7 28. Re4 Qd5 29. g3 Qxa2 30. Re2 Qa5 31. Qxb7 Qb6 32. Qxb6 axb6
33. Rc2 Rg4 34. Rc4 e5 35. Rb4 Rxd4 36. Rxb6 Kg6 37. Kg2 e4 38. Kf1 Kf5 39. Ke2
Rc4 40. b4 Kg4 41. Rxf6 Rxb4 42. Rxf7 Ra4 43. Ke3 Rb4 44. Rf4+ Kh3 45. Rxe4 Rb3+
46. Kf4 Kg2 47. Re2 Kf1 48. Rc2 Rb5 49. f3 Ra5 50. g4 Ra4+ 51. Kg3 hxg4 52. fxg4
Ra3+ 53. Kf4 Rh3 54. h5 Ra3 55. Kg5 Ra5+ 56. Kh4 Ra4 57. h6 Ra6 58. Kh5 Ra5+ 59.
g5 Ra3 60. h7 Rh3+ 61. Kg6 Rh2 62. Rxh2 1-0

[Event "Titled Tue 10th Jun Late"]
[Site "chess.com INT"]
[Date "2025.06.10"]
[Round "7"]
[White "Deac, Bogdan-Daniel"]
[Black "Adewumi, Tanitoluwa"]
[Result "1-0"]
[WhiteTitle "GM"]
[BlackTitle "FM"]
[WhiteElo "2674"]
[BlackElo "2362"]
[WhiteFideId "1226380"]
[BlackFideId "30966396"]
[EventDate "2025.06.10"]

1. Nf3 Nf6 2. c4 e6 3. b3 b6 4. g3 Bb7 5. Bg2 d5 6. cxd5 Nxd5 7. Bb2 Nf6 8. O-O
Nbd7 9. d4 c5 10. Nc3 Be7 11. Re1 O-O 12. e4 cxd4 13. Nxd4 Ne5 14. Re2 Rc8 15.
Rd2 Qc7 16. Rc1 Qb8 17. h3 Rfd8 18. f4 Ng6 19. e5 Nd5 20. Nxd5 Bxd5 21. Bxd5
Rxc1 22. Bxc1 Rxd5 23. Nc6 Bc5+ 24. Kf1 Qc8 25. Rxd5 exd5 26. Qxd5 Qxh3+ 27. Qg2
Qf5 28. Qe2 h5 29. Kg2 h4 30. b4 Bf8 31. Nd4 Qd7 32. Qe4 hxg3 33. Kxg3 Bxb4 34.
Nf5 Bf8 35. Be3 Ne7 36. Nd6 Nc8 37. Qf5 Qxf5 38. Nxf5 Ne7 39. Nd6 Nd5 40. Bd4
Bxd6 41. exd6 Kf8 42. Kf3 Ke8 43. Ke4 Nf6+ 44. Bxf6 gxf6 45. Kd4 Kd7 46. Kd5 f5
47. Ke5 a6 48. Kd5 b5 49. Kc5 f6 50. a3 Kd8 51. Kb6 Kd7 52. Kxa6 Kxd6 53. Kxb5 1-0

[Event "Titled Tue 10th Jun Late"]
[Site "chess.com INT"]
[Date "2025.06.10"]
[Round "7"]
[White "Wu, Derek"]
[Black "Ozen, Batuhan"]
[Result "1-0"]
[WhiteTitle "FM"]
[BlackTitle "CM"]
[WhiteElo "2232"]
[BlackElo "2128"]
[WhiteFideId "30914558"]
[BlackFideId "6345123"]
[EventDate "2025.06.10"]

1. d4 Nf6 2. c4 e6 3. Nc3 d5 4. Nf3 Be7 5. Bf4 a6 6. e3 O-O 7. Qc2 c5 8. dxc5
Bxc5 9. Rd1 Bb4 10. Be2 Qa5 11. O-O Bxc3 12. bxc3 Nc6 13. Bd6 Rd8 14. c5 Ne4 15.
Bd3 f5 16. c4 Nb4 17. Qb3 Nxd3 18. Rxd3 Nxc5 19. Bxc5 Qxc5 20. cxd5 exd5 21.
Rfd1 Be6 22. Ng5 Qc6 23. Nxe6 Qxe6 24. Qxb7 Rab8 25. Qc7 Rbc8 26. Qa5 h6 27. h4
Qe5 28. Qxa6 Rc2 29. Qa4 Qb2 30. Qa5 Rf8 31. Qxd5+ Kh8 32. R3d2 Rxd2 33. Qxd2
Qf6 34. g3 f4 35. exf4 Ra8 36. h5 Qf5 37. Qe2 Qf7 38. Rd2 Re8 39. Qg4 Re1+ 40.
Kh2 Re8 41. Qg6 Qe7 42. Rd5 Rg8 43. Re5 Qa7 44. Qc2 Rb8 45. Re6 Qf7 46. Qe2
Qxh5+ 47. Qxh5 1-0

[Event "Titled Tue 10th Jun Late"]
[Site "chess.com INT"]
[Date "2025.06.10"]
[Round "7"]
[White "Yeganegi, Barad"]
[Black "Ermachenko, Manuel"]
[Result "1-0"]
[WhiteTitle "FM"]
[BlackTitle "CM"]
[WhiteElo "2400"]
[BlackElo "2277"]
[WhiteFideId "42516340"]
[BlackFideId "24560952"]
[EventDate "2025.06.10"]

1. c4 e5 2. g3 Nf6 3. Bg2 d5 4. cxd5 Nxd5 5. Nc3 Nb6 6. Nf3 Nc6 7. O-O Be7 8. a3
O-O 9. d3 Be6 10. b4 a5 11. b5 Nd4 12. Bb2 Bb3 13. Qd2 Nc4 14. Qc1 Nxb2 15. Qxb2
a4 16. Nd2 Rb8 17. Nxb3 Nxb3 18. Rad1 Qd4 19. e3 Qa7 20. Rb1 Rbd8 21. Rfd1 b6
22. Nxa4 Qxa4 23. Qxb3 Qxa3 24. Qxa3 Bxa3 25. Ra1 Bd6 26. Ra7 g6 27. Bd5 Kg7 28.
Rc1 Rd7 29. Rc6 Rb8 30. Kg2 Kf8 31. Bc4 Ke7 32. f4 exf4 33. gxf4 Rg8 34. h4 h6
35. Kf3 g5 36. hxg5 hxg5 37. fxg5 Rxg5 38. d4 Rg3+ 39. Kf2 Rh3 40. e4 Rh2+ 41.
Kf3 Rh3+ 42. Kg2 Rh2+ 43. Kg1 Bf4 44. e5 Rd2 45. Rf6 Be3+ 46. Kf1 R2xd4 47.
Rxf7+ Ke8 48. e6 Rd8 49. Raxc7 Rf4+ 50. Ke2 Rxf7 51. exf7+ 1-0

[Event "Titled Tue 10th Jun Late"]
[Site "chess.com INT"]
[Date "2025.06.10"]
[Round "7"]
[White "Khodabandeh, Milad"]
[Black "Vazelakis, Dimitrios"]
[Result "1-0"]
[WhiteTitle "CM"]
[WhiteElo "1957"]
[BlackElo "1857"]
[WhiteFideId "12538620"]
[BlackFideId "4203674"]
[EventDate "2025.06.10"]

1. e4 Nf6 2. e5 Nd5 3. c4 Nb6 4. c5 Nd5 5. Nc3 Nxc3 6. bxc3 e6 7. d4 b6 8. Qf3
Nc6 9. cxb6 axb6 10. Bd3 Ba6 11. Ne2 Bxd3 12. Qxd3 Be7 13. O-O O-O 14. f4 f6 15.
Be3 Qc8 16. d5 Na5 17. d6 cxd6 18. exd6 Bd8 19. Nd4 Qc4 20. Rfd1 Qxd3 21. Rxd3
Nc4 22. Nb5 Ra5 23. a4 e5 24. Bc1 Re8 25. Kf2 Kf7 26. f5 e4 27. Rd4 e3+ 28. Ke2
Ne5 29. Bxe3 Nc6 30. Rh4 Kg8 31. Kd2 Re5 32. Rf1 Rd5+ 33. Kc2 Ne5 34. Rd1 Rxd1
35. Kxd1 Nd3 36. Re4 Kf7 37. Kd2 Ne5 38. Kc2 g6 39. g4 Nc6 40. h3 Na7 41. Nxa7
Rxa7 42. Kb3 Ra5 43. Rf4 gxf5 44. Rxf5 Rxf5 45. gxf5 Kg7 46. Kc4 Kf7 47. Kb5 Ke8
48. Bxb6 1-0

[Event "Titled Tue 10th Jun Late"]
[Site "chess.com INT"]
[Date "2025.06.10"]
[Round "7"]
[White "Harish, Neeraj"]
[Black "Deng, Henry"]
[Result "0-1"]
[WhiteTitle "CM"]
[BlackTitle "FM"]
[WhiteElo "2192"]
[BlackElo "2327"]
[WhiteFideId "30958130"]
[BlackFideId "30965454"]
[EventDate "2025.06.10"]

1. c4 Nf6 2. Nf3 c6 3. g3 d5 4. Bg2 dxc4 5. O-O Nbd7 6. Qc2 b5 7. a4 Bb7 8. Rd1
e6 9. d3 cxd3 10. Rxd3 Be7 11. Ne5 Qc7 12. Nxd7 Nxd7 13. axb5 c5 14. Bf4 e5 15.
Bxb7 Qxb7 16. Be3 O-O 17. Nc3 Nb6 18. b3 f5 19. Rdd1 Rac8 20. Na4 f4 21. Nxb6
axb6 22. Qc4+ Kh8 23. Bd2 Bf6 24. Bc3 f3 25. e4 Rcd8 26. Rd5 h6 27. Rad1 Qc8 28.
R1d3 Qg4 29. h3 Qxh3 30. Rxf3 Qg4 31. Rfd3 Ra8 32. Rd1 Ra2 33. R5d2 Raa8 34. Kg2
Bg5 35. Rd3 Qe2 36. Rf1 Ra2 37. Be1 Ra1 38. Rd6 Rxe1 39. Qxe2 Rxe2 40. Rxb6 Rb2
41. Rc6 Rxb3 42. Rxc5 Rb2 43. Rxe5 Be3 44. Rf5 Rb8 45. Kh3 Bd4 46. Rd1 Bxf2 47.
Rd7 R8xb5 48. Rff7 Rg5 49. g4 Rb3+ 50. Kg2 Bc5 51. e5 Rxe5 52. Rxg7 Rg5 53. Rh7+
Kg8 0-1

[Event "Titled Tue 10th Jun Late"]
[Site "chess.com INT"]
[Date "2025.06.10"]
[Round "7"]
[White "Zou, Chen"]
[Black "Sjugirov, Sanan"]
[Result "0-1"]
[WhiteTitle "IM"]
[BlackTitle "GM"]
[WhiteElo "2443"]
[BlackElo "2635"]
[WhiteFideId "8610959"]
[BlackFideId "4189302"]
[EventDate "2025.06.10"]

1. e4 c5 2. Nf3 Nc6 3. Nc3 d6 4. d4 cxd4 5. Nxd4 Nf6 6. Bg5 e6 7. Qd2 a6 8.
O-O-O Be7 9. f4 Bd7 10. Kb1 h6 11. Bxf6 Bxf6 12. Nf3 Be7 13. g4 b5 14. h4 Qb6
15. Bd3 b4 16. Ne2 a5 17. g5 a4 18. f5 a3 19. b3 Qc5 20. Nf4 Ne5 21. Be2 Rc8 22.
fxe6 Bxe6 23. Nxe6 fxe6 24. Nd4 hxg5 25. Nxe6 Qc3 26. Qxc3 Rxc3 27. hxg5 Rxh1
28. Rxh1 Kf7 29. Nf4 Re3 30. g6+ Kg8 31. Ba6 Bg5 32. Nd5 Rxe4 33. Bc8 Bh6 34.
Bf5 Rd4 35. Nc7 Rf4 36. Be6+ Kh8 37. Nd5 Rf2 38. Nxb4 Nxg6 39. Nd3 Rf6 40. Bd5
Ne7 41. Bg2 g5 42. Re1 Nf5 43. b4 Nd4 44. Bd5 g4 45. Rg1 Ne2 46. Rxg4 Rf1+ 47.
Nc1 Rxc1# 0-1

[Event "Titled Tue 10th Jun Late"]
[Site "chess.com INT"]
[Date "2025.06.10"]
[Round "7"]
[White "Khlebovich, Alexander"]
[Black "Shukhman, Anna"]
[Result "1-0"]
[WhiteTitle "IM"]
[BlackTitle "WGM"]
[WhiteElo "2423"]
[BlackElo "2413"]
[WhiteFideId "4169123"]
[BlackFideId "54180058"]
[EventDate "2025.06.10"]

1. d4 d5 2. c4 e5 3. dxe5 Ne7 4. Nf3 Nbc6 5. e3 Bg4 6. cxd5 Nxd5 7. Be2 Ndb4 8.
O-O Qxd1 9. Bxd1 Bxf3 10. gxf3 Nxe5 11. Bd2 O-O-O 12. Bc3 Nec6 13. Ba4 Bc5 14.
Nd2 Nd5 15. Ne4 Nxc3 16. bxc3 Be7 17. Bxc6 bxc6 18. Rfd1 f5 19. Ng3 g6 20. c4
Bf6 21. Rab1 h5 22. Ne2 h4 23. h3 Rhe8 24. f4 c5 25. Kf1 c6 26. Ng1 Kc7 27. Ke2
Rb8 28. Nf3 Rb6 29. Rb3 Reb8 30. Rdb1 Rd8 31. Ne1 Ra6 32. a3 Ra4 33. Rc1 Rb8 34.
Rxb8 Kxb8 35. Nd3 Rxa3 36. Nxc5 Be7 37. Rb1+ Kc8 38. Nd3 a5 39. Ne5 Kc7 40. Nxg6
Bd6 41. Nxh4 Ra2+ 42. Kf3 a4 43. Nxf5 Bc5 44. h4 a3 45. h5 Rb2 46. Ra1 Rb8 47.
Nd4 Kd6 48. h6 Rh8 49. Ke4 Kd7 50. Nc2 Rxh6 51. Nxa3 Rh2 52. Kf3 Rh8 53. Nc2 Rb8
54. Nd4 Rb4 55. Rc1 Rb2 56. Ne2 Rb4 57. Ng3 Kd6 58. Ne4+ 1-0

[Event "Titled Tue 10th Jun Late"]
[Site "chess.com INT"]
[Date "2025.06.10"]
[Round "7"]
[White "Maghsoodloo, Parham"]
[Black "Martinez Alcantara, Jose Eduardo"]
[Result "1/2-1/2"]
[WhiteTitle "GM"]
[BlackTitle "GM"]
[WhiteElo "2691"]
[BlackElo "2611"]
[WhiteFideId "12539929"]
[BlackFideId "3805662"]
[EventDate "2025.06.10"]

1. d4 Nf6 2. c4 e6 3. Nc3 Bb4 4. e3 b6 5. Ne2 Bb7 6. a3 Be7 7. d5 O-O 8. g3 a5
9. Bg2 Na6 10. O-O Nc5 11. b3 e5 12. Rb1 d6 13. b4 Ncd7 14. h3 Bc8 15. g4 Ne8
16. Ng3 g6 17. f4 Bh4 18. Kh2 axb4 19. axb4 exf4 20. exf4 Bf6 21. Nce4 Bg7 22.
g5 f5 23. Nd2 b5 24. cxb5 Nb6 25. Nb3 Qd7 26. Nd4 Qf7 27. Nc6 Bd7 28. Qb3 h6 29.
Ne2 hxg5 30. fxg5 Bxc6 31. bxc6 Be5+ 32. Bf4 Ng7 33. Rfd1 Rfe8 34. Bxe5 Rxe5 35.
Nf4 Rae8 36. Qg3 Nh5 37. Nxh5 gxh5 38. b5 Re2 39. Rf1 Nc4 40. Rf2 R8e3 41. Qh4
Ne5 42. Rbf1 Rxf2 43. Qxf2 Rb3 44. Qxf5 Qxf5 45. Rxf5 Rxb5 46. Rf6 Rb2 47. Kg3
h4+ 48. Kh2 Kg7 49. Kg1 Rb1+ 50. Kf2 Rb2+ 51. Kg1 Rb1+ 52. Kh2 Rb2 53. Kg1 1/2-1/2

[Event "Titled Tue 10th Jun Late"]
[Site "chess.com INT"]
[Date "2025.06.10"]
[Round "7"]
[White "Grutter, Tim"]
[Black "Panarin, Mikhail"]
[Result "1-0"]
[WhiteTitle "IM"]
[BlackTitle "GM"]
[WhiteElo "2404"]
[BlackElo "2562"]
[WhiteFideId "1057472"]
[BlackFideId "4153251"]
[EventDate "2025.06.10"]

1. d4 Nf6 2. Nc3 d5 3. Bf4 c5 4. e4 Nxe4 5. Nxe4 dxe4 6. dxc5 Qxd1+ 7. Rxd1 Nc6
8. Bb5 f6 9. Ne2 e5 10. Be3 Be6 11. Nc3 f5 12. g3 Rc8 13. a3 Kf7 14. b4 a5 15.
Bxc6 bxc6 16. Na4 axb4 17. axb4 Ra8 18. Nb6 Ra2 19. Nd7 Bxd7 20. Rxd7+ Ke6 21.
Rd8 Ra1+ 22. Rd1 Ra4 23. Rd8 Ra1+ 24. Rd1 Ra4 25. Rd8 Bxc5 26. Rxh8 Bxe3 27. Ke2
Bd4 28. Rxh7 Kf7 29. Rb1 Ra2 30. Rc1 Kg8 31. Rh5 g6 32. Rh4 Bb2 33. Rd1 Bd4 34.
Rd2 Kg7 35. c3 Rxd2+ 36. Kxd2 Bxf2 37. c4 Bd4 38. b5 cxb5 39. cxb5 Bb6 40. Kc3
e3 41. Kd3 e4+ 42. Ke2 g5 43. Rh5 Kg6 44. Rh8 f4 45. gxf4 gxf4 46. Rg8+ Kf7 47.
Ra8 f3+ 48. Kf1 Ke6 49. Ra6 Kd5 50. Rxb6 e2+ 51. Kf2 e3+ 52. Ke1 Ke4 53. Re6+
Kd3 54. Rd6+ Ke4 55. Rd8 1-0

[Event "Titled Tue 10th Jun Late"]
[Site "chess.com INT"]
[Date "2025.06.10"]
[Round "7"]
[White "Clawitter, Craig"]
[Black "Baches Garcia, Guillermo"]
[Result "0-1"]
[BlackTitle "IM"]
[WhiteElo "2050"]
[BlackElo "2305"]
[WhiteFideId "2023105"]
[BlackFideId "2209764"]
[EventDate "2025.06.10"]

1. e4 d5 2. exd5 Qxd5 3. Nc3 Qa5 4. d4 Nf6 5. Nf3 Bf5 6. Ne5 c6 7. g4 Be6 8. Bg2
Nbd7 9. Nxd7 Bxd7 10. h3 e6 11. O-O Bb4 12. Bd2 Nd5 13. Ne4 Bxd2 14. Nxd2 Nf4
15. Nc4 Qg5 16. Nd6+ Ke7 17. Ne4 Qd5 18. Qf3 g5 19. c4 Qxd4 20. Nxg5 Rag8 21.
Rad1 Qf6 22. Ne4 Qe5 23. Rfe1 h5 24. Ng3 Qg5 25. Nxh5 Rxh5 26. gxh5 Nxg2 27.
Rxd7+ Kxd7 28. Qxf7+ Kc8 29. Qxe6+ Kb8 30. Qe5+ Qxe5 31. Rxe5 Nf4+ 32. Kh2 Kc7
33. h6 Rh8 34. Rf5 Ne6 35. Rf7+ Kd6 36. h7 Ng5 37. Rxb7 Nxh7 38. Rxa7 Ng5 39.
Ra3 c5 40. f4 Ne6 41. Rf3 Nd4 42. Rd3 Ke6 43. b4 Kf5 44. bxc5 Ke4 45. Rd1 Nf3+
46. Kg2 Kxf4 47. Kf2 Rxh3 48. Rd5 Rh2+ 49. Kf1 Ke3 50. c6 Rf2# 0-1

[Event "Titled Tue 10th Jun Late"]
[Site "chess.com INT"]
[Date "2025.06.10"]
[Round "7"]
[White "Anandh, Vijay Srinivas"]
[Black "Araujo Filho, Luiz Antonio Coel"]
[Result "0-1"]
[WhiteElo "2011"]
[BlackElo "2077"]
[WhiteFideId "30975794"]
[BlackFideId "2130661"]
[EventDate "2025.06.10"]

1. e4 c6 2. Nf3 d5 3. d3 dxe4 4. dxe4 Qc7 5. Nc3 Bg4 6. h3 Bxf3 7. Qxf3 e6 8.
Bf4 Bd6 9. Bxd6 Qxd6 10. Qd3 Qb4 11. O-O-O Qe7 12. f4 Nd7 13. e5 O-O-O 14. Ne4
Nh6 15. Nd6+ Kb8 16. Qa3 f6 17. Qb3 Nb6 18. Kb1 fxe5 19. fxe5 Nf5 20. c4 Nxd6
21. exd6 Rxd6 22. Qg3 e5 23. Be2 Rg6 24. Qf3 Rf8 25. Qd3 Rxg2 26. Bg4 e4 27. Qd4
Rff2 28. Rhg1 Rxb2+ 29. Qxb2 Rxb2+ 30. Kxb2 Qb4+ 31. Kc2 Qxc4+ 32. Kd2 Nd5 33.
Ke1 Qc3+ 34. Kf2 e3+ 35. Kg2 Qe5 36. Rde1 a5 37. Rgf1 Ka7 38. Rf5 Qe4+ 39. Rf3
h5 40. Bf5 Qe5 41. Kh1 a4 42. Bd3 a3 43. Bc4 Qe4 44. Bxd5 cxd5 45. Kg2 d4 46.
Kg3 g5 47. Kg2 b6 48. Kg3 Qh4+ 49. Kg2 Qxe1 50. Rf7+ Ka6 51. Rf1 Qe2+ 52. Kg1 d3
53. h4 d2 54. hxg5 Qg4+ 55. Kh1 e2 56. Rg1 Qh3# 0-1

[Event "Titled Tue 10th Jun Late"]
[Site "chess.com INT"]
[Date "2025.06.10"]
[Round "7"]
[White "Izafatava, Kira"]
[Black "Bhatia, Kanishka"]
[Result "1-0"]
[BlackTitle "WCM"]
[WhiteElo "2036"]
[BlackElo "1965"]
[WhiteFideId "13521705"]
[BlackFideId "2410095"]
[EventDate "2025.06.10"]

1. e4 c5 2. Nf3 Nc6 3. d4 cxd4 4. Nxd4 Nf6 5. Nc3 e5 6. Ndb5 d6 7. Bg5 a6 8. Na3
b5 9. Nd5 Be7 10. Bxf6 Bxf6 11. c3 Rb8 12. Nc2 Bg5 13. Bd3 O-O 14. h4 Bh6 15. g4
Bf4 16. Qf3 a5 17. Nxf4 Qf6 18. g5 Qxf4 19. Qxf4 exf4 20. f3 Ne5 21. Be2 Be6 22.
Nd4 Bc4 23. b3 Bxe2 24. Kxe2 Rfc8 25. Rac1 Rc5 26. Nf5 Rbc8 27. Ne7+ Kf8 28.
Nxc8 Rxc8 29. Rhd1 Ke7 30. Rd5 Rb8 31. Rcd1 Rb6 32. a3 Ke6 33. b4 axb4 34. axb4
Nc4 35. Ra1 Rb7 36. Ra8 f6 37. Re8+ Kf7 38. Rh8 Kg6 39. gxf6 gxf6 40. Rc8 Kf7
41. Rh5 Ke6 42. Rh8 Rg7 43. R5xh7 Rg2+ 44. Ke1 d5 45. Re8+ Kd6 46. Rd8+ Kc6 47.
exd5+ Kb6 48. Rb8+ Ka6 49. Rc8 Ne5 50. Re8 Nc4 51. Re6+ Nb6 52. Rxf6 Rg1+ 53.
Kf2 Rd1 54. Rhh6 Rd2+ 55. Ke1 Rxd5 56. Rxb6+ Ka7 57. Ra6+ Kb7 58. Rhb6+ Kc7 59.
Rc6+ Kb7 60. Rab6+ Ka7 61. Rf6 Re5+ 62. Kf2 Rd5 63. Rbd6 Re5 64. Rfe6 Rh5 65.
Rd7+ Kb8 66. Re8# 1-0

[Event "Titled Tue 10th Jun Late"]
[Site "chess.com INT"]
[Date "2025.06.10"]
[Round "7"]
[White "Halynyazov, Vepaly"]
[Black "Perez Rojas, Jorge"]
[Result "1-0"]
[BlackTitle "FM"]
[WhiteElo "2189"]
[BlackElo "2100"]
[WhiteFideId "14004020"]
[BlackFideId "3452093"]
[EventDate "2025.06.10"]

1. d4 d5 2. c4 e6 3. Nc3 c6 4. Nf3 dxc4 5. g3 b5 6. Bg2 Nf6 7. O-O Bb7 8. Ne5 a6
9. a4 Qb6 10. e4 Nbd7 11. Be3 c5 12. Nxd7 Nxd7 13. axb5 axb5 14. Rxa8+ Bxa8 15.
d5 Be7 16. Qg4 O-O 17. f4 Nf6 18. Qe2 exd5 19. exd5 Re8 20. Qf2 Bf8 21. h3 b4
22. Na4 Qb5 23. Nxc5 Nxd5 24. Bxd5 Bxd5 25. Rd1 Bc6 26. Bd4 c3 27. bxc3 bxc3 28.
Nd3 Be4 29. Ne5 c2 30. Rc1 Qb1 31. Be3 Ba3 32. Qe1 Bxc1 33. Bxc1 Rd8 34. Kf2 f6
35. Qxe4 fxe5 36. Qc4+ Kh8 37. Qc7 Rg8 38. Be3 exf4 39. gxf4 h6 40. h4 Qb8 41.
Qxc2 Qe8 42. Bd4 Qh5 43. Be5 Qxh4+ 44. Ke3 Qg3+ 45. Ke4 Qg6+ 46. f5 Qg4+ 47. Kd5
Qf3+ 48. Ke6 Qb7 49. f6 Re8+ 50. Kf5 g6+ 51. Kf4 Qf7 52. Qe4 Kh7 53. Qd4 Qe6 54.
Qa7+ Kg8 55. Qg7# 1-0

[Event "Titled Tue 10th Jun Late"]
[Site "chess.com INT"]
[Date "2025.06.10"]
[Round "7"]
[White "Demirtas, Alper"]
[Black "Alvarado, Carlos"]
[Result "1-0"]
[WhiteTitle "CM"]
[BlackTitle "CM"]
[WhiteElo "2205"]
[BlackElo "2032"]
[WhiteFideId "44576781"]
[BlackFideId "3800555"]
[EventDate "2025.06.10"]

1. Nf3 d5 2. d4 Nf6 3. c3 c6 4. Bf4 Bf5 5. Nbd2 Nbd7 6. e3 h6 7. h3 Ne4 8. Be2
Ndf6 9. O-O Nxd2 10. Nxd2 e6 11. c4 Bd6 12. Bxd6 Qxd6 13. Qb3 Qe7 14. Rac1 O-O
15. Nf3 a5 16. a4 Qb4 17. Qxb4 axb4 18. b3 Ne4 19. Bd3 Nc3 20. Bxf5 Ne2+ 21. Kh2
Nxc1 22. Bc2 Ne2 23. Ne1 dxc4 24. bxc4 Nc3 25. Nd3 Nxa4 26. Nxb4 Nb6 27. c5 Nd5
28. Nd3 Ra3 29. Ne5 Rfa8 30. Be4 Ra2 31. Kg3 Rb2 32. Nc4 Rb4 33. Nd6 Ra3 34. Bf3
Kf8 35. h4 g6 36. Rh1 h5 37. Rc1 Ke7 38. Nc8+ Kd7 39. Nd6 f5 40. Nf7 Ke7 41. Nd6
b5 42. Nc8+ Kf6 43. Nb6 f4+ 44. exf4 Rxd4 45. Nd7+ Ke7 46. Ne5 Ra6 47. Nxg6+ Kf6
48. Bxd5 exd5 49. Ne5 Ke7 50. Re1 Kd8 51. Nf7+ Kd7 52. Ne5+ Kc7 53. f3 Ra3 54.
f5 Ra8 55. Ng6 Kd7 56. Re7+ Kd8 57. Rh7 Ra2 58. f6 Rdd2 59. Nf4 Re2 60. f7 Ke7
61. Ng6+ Kd7 62. f8=Q+ 1-0

[Event "Titled Tue 10th Jun Late"]
[Site "chess.com INT"]
[Date "2025.06.10"]
[Round "7"]
[White "Sliwicka, Alicja"]
[Black "Sakhayi, Mostafa"]
[Result "1-0"]
[WhiteTitle "WGM"]
[BlackTitle "CM"]
[WhiteElo "2299"]
[BlackElo "2166"]
[WhiteFideId "1150677"]
[BlackFideId "12512532"]
[EventDate "2025.06.10"]

1. e4 e5 2. Nf3 Nc6 3. Nc3 Nf6 4. a3 d5 5. Bb5 Nxe4 6. Qe2 Nxc3 7. Qxe5+ Qe7 8.
Qxe7+ Bxe7 9. Bxc6+ bxc6 10. dxc3 O-O 11. Bf4 Bd6 12. Bxd6 cxd6 13. Nd4 Bd7 14.
O-O-O a5 15. Rd2 a4 16. Rhd1 Rfb8 17. Ne2 Rb6 18. c4 Rab8 19. c3 Be6 20. Nf4 g5
21. Nxe6 fxe6 22. Re1 Kf7 23. c5 dxc5 24. Re5 h6 25. h4 gxh4 26. Rh5 Rg8 27. f3
Rg6 28. Rxh4 e5 29. Rxa4 c4 30. Ra7+ Ke6 31. Rh7 Rb8 32. Re2 Rbg8 33. Kd1 Rxg2
34. Rxh6+ Kf5 35. Rh5+ R8g5 36. Rxg2 Rxh5 37. Ke2 Rh1 38. Ke3 c5 39. a4 d4+ 40.
cxd4 cxd4+ 41. Kd2 Ra1 42. Rh2 c3+ 43. Kc2 Rxa4 44. Rh8 Ra2 45. Rf8+ Kg5 46. Kd3
Rxb2 47. f4+ exf4 48. Kxd4 Rd2+ 49. Ke4 Re2+ 50. Kf3 Re3+ 51. Kf2 Rd3 52. Kg2 c2
53. Rc8 Rd2+ 54. Kf3 Rd3+ 55. Kg2 Rd2+ 56. Kf3 Kf5 57. Rc5+ Ke6 58. Kxf4 1-0

[Event "Titled Tue 10th Jun Late"]
[Site "chess.com INT"]
[Date "2025.06.10"]
[Round "7"]
[White "Paszewski, Mateusz"]
[Black "Maglioni, Leonardo"]
[Result "1-0"]
[WhiteTitle "FM"]
[WhiteElo "2361"]
[BlackElo "2069"]
[WhiteFideId "1141058"]
[BlackFideId "2896830"]
[EventDate "2025.06.10"]

1. d4 Nf6 2. Nf3 g6 3. Nc3 d5 4. Bf4 Bg7 5. e3 O-O 6. h4 h5 7. Be2 c5 8. Ne5
cxd4 9. exd4 Nc6 10. Qd2 Bf5 11. f3 Qb6 12. Nxc6 bxc6 13. Na4 Qd8 14. O-O-O Nd7
15. Bh6 e5 16. Bxg7 Kxg7 17. g4 hxg4 18. h5 Rh8 19. h6+ Kh7 20. fxg4 Be4 21.
Rhf1 Rf8 22. Nc3 f5 23. gxf5 Bxf5 24. dxe5 Nxe5 25. Kb1 Rb8 26. Na4 Qd6 27. a3
Qxa3 28. Qc3 Qxa4 29. Bd3 Bxd3 30. cxd3 Rxf1 31. Rxf1 d4 32. Qc5 Rb7 33. Qxe5
Qb3 34. Qe2 Qd5 35. Qd2 Qd7 36. Qf4 c5 37. Qf6 Qe7 38. Qxe7+ Rxe7 39. Rc1 Rc7
40. b4 c4 41. dxc4 Kxh6 42. c5 Kg5 43. Kb2 Kf5 44. Kb3 Ke4 45. Kc4 Rf7 46. Re1+
Kf5 47. Kxd4 Rd7+ 48. Kc4 g5 49. c6 Rc7 50. Kd5 g4 51. Rf1+ Kg5 52. Kd6 Rh7 53.
c7 Rh8 54. Kd7 Rh7+ 55. Kc6 Rh8 56. Kb7 Rh7 57. Kb8 Rh8+ 58. Kxa7 Rc8 59. Kb7 1-0

[Event "Titled Tue 10th Jun Late"]
[Site "chess.com INT"]
[Date "2025.06.10"]
[Round "7"]
[White "Lacasa Diaz, Josep Anton"]
[Black "Papacek, Stepan"]
[Result "0-1"]
[WhiteTitle "IM"]
[BlackTitle "FM"]
[WhiteElo "2315"]
[BlackElo "2225"]
[WhiteFideId "2203375"]
[BlackFideId "301035"]
[EventDate "2025.06.10"]

1. e4 e6 2. d4 d5 3. e5 c5 4. c3 Nc6 5. Nf3 Bd7 6. Be2 cxd4 7. cxd4 Nge7 8. O-O
Nf5 9. Nc3 Qb6 10. Be3 Be7 11. b3 f6 12. exf6 Bxf6 13. Bd3 Nxe3 14. fxe3 O-O 15.
Na4 Qd8 16. Nc5 Bc8 17. Rc1 Qd6 18. Bb1 e5 19. dxe5 Nxe5 20. Nxe5 Qxe5 21. Qd3
g6 22. Rcd1 b6 23. Na4 Be6 24. Rc1 Bg5 25. Rfe1 Bf5 26. Qd2 Bxb1 27. Rxb1 Rae8
28. Kh1 Bxe3 29. Qd3 d4 30. Nb2 Rf2 31. Nc4 Qg5 32. Rg1 Qf5 33. Qxf5 gxf5 34.
Rgf1 Rxf1+ 35. Rxf1 f4 36. g3 b5 37. Nd6 Rc8 38. gxf4 Rc2 39. f5 d3 40. Ne4 d2
41. f6 Rc1 42. f7+ Kf8 43. Nxd2 Bxd2 44. Rxc1 Bxc1 45. Kg2 Kxf7 46. Kf3 Ba3 47.
Ke4 Ke6 48. h3 Kd6 49. Kd4 a5 50. Ke4 Kc5 51. Kf5 Kb4 52. Kf6 Bb2+ 53. Kg5 Ka3
54. Kh6 Kxa2 55. Kxh7 Kxb3 56. h4 a4 57. h5 a3 58. h6 a2 59. Kg8 a1=Q 60. h7
Qa8+ 61. Kf7 Qh8 62. Kg6 b4 63. Kh6 Kc4 64. Kg6 b3 65. Kh6 Bc3 66. Kg6 b2 0-1